000 01216cam a22003614a 4500
001 data
005 20260322212108.0
008 data
035 _a15208389
906 _a7
_bcbc
_corigres
_d3
_encip
_f20
_gy-gencatlg
925 0 _aacquire
_b1 shelf copy
_xpolicy default
955 _dsg17 2008-03-17
_esg11 2008-03-17 to BCCD
010 _a 2008365835
020 _a9789139108481
040 _aDLC
_cDLC
043 _ae------
_ae------
050 0 0 _aKKV2460
_b.M359 2007
100 1 _aGreenhill, Malin.
245 1 0 _aMänskliga rättigheter för alla och envar /
_cMalin Greenhill och Christian Ulfsparre.
250 _a1. uppl.
260 _aStockholm :
_bNorstedts juridik,
_cc2007.
300 _a103 p. :
_bill. ;
_c21 cm.
336 _atext
_btxt
_2rdacontent
337 _aunmediated
_bn
_2rdamedia
338 _avolume
_bnc
_2rdacarrier
504 _aIncludes bibliographical references (p. [201]-202) and index.
650 0 _aHuman rights
_zSweden.
650 0 _aHuman rights
_zEurope.
650 0 _aHuman rights.
700 1 _aUlfsparre, Christian.
923 _d20080109
_n106531999
_sV00005600
999 _c1608
_d1608